Phương pháp lập dự án đầu tư trong ngành xây dựng

Sách giới thiệu các phương pháp lập dự án đầu tư hiện hành; lập dự án đầu tư mua sắm và tạo dựng tài sản cố định xây dựng ban đầu; lập dự án đầu tư sử dụng tài sản đó trong giai đoạn hiện hành; lập dự án đầu tư trong giai đoạn su...

Disgrifiad llawn

Wedi'i Gadw mewn:
Manylion Llyfryddiaeth
Prif Awdur: Nguyễn Văn Chọn
Fformat: Llyfr
Iaith:Undetermined
Cyhoeddwyd: Hà Nội Xây dựng 1998
Pynciau:
Tagiau: Ychwanegu Tag
Dim Tagiau, Byddwch y cyntaf i dagio'r cofnod hwn!
Thư viện lưu trữ: Trung tâm Học liệu Trường Đại học Cần Thơ
LEADER 01283nam a2200181Ia 4500
001 CTU_27853
008 210402s9999 xx 000 0 und d
082 |a 658.2 
082 |b Ch429p 
100 |a Nguyễn Văn Chọn 
245 0 |a Phương pháp lập dự án đầu tư trong ngành xây dựng 
245 0 |c Nguyễn Văn Chọn 
260 |a Hà Nội 
260 |b Xây dựng 
260 |c 1998 
520 |a Sách giới thiệu các phương pháp lập dự án đầu tư hiện hành; lập dự án đầu tư mua sắm và tạo dựng tài sản cố định xây dựng ban đầu; lập dự án đầu tư sử dụng tài sản đó trong giai đoạn hiện hành; lập dự án đầu tư trong giai đoạn sửa chữa, cải tạo và hiện đại hóa ngành xây dựng; và sau cùng sách giới thiệu một số biện pháp để đẩy mạnh công nghiệp hóa và hiện đại hóa ngành xây dựng liên quan đến việc lập dự án đầu tư trong ngành xây dựng 
650 |a building management,managerial economics 
980 |a Trung tâm Học liệu Trường Đại học Cần Thơ